Academic encounters : human behavior, level 4 : reading, study skills, and writing (Second edition) (Record no. 75553)

MARC details
000 -LEADER
fixed length control field 01282nam a2200253 a 4500
008 - FIXED-LENGTH DATA ELEMENTS--GENERAL INFORMATION
fixed length control field 211203s1997 ||||||||||||||||| || u
020 ## - INTERNATIONAL STANDARD BOOK NUMBER
International Standard Book Number 9781107602977
050 ## - LIBRARY OF CONGRESS CALL NUMBER
Classification number PE 1128 Sea
100 ## - MAIN ENTRY--PERSONAL NAME
Personal name Seal, Bernard
245 10 - TITLE STATEMENT
Title Academic encounters : human behavior, level 4 : reading, study skills, and writing (Second edition)
Statement of responsibility, etc. By Bernard Seal
250 ## - EDITION STATEMENT
Edition statement Second edition
260 ## - PUBLICATION, DISTRIBUTION, ETC.
Place of publication, distribution, etc. New York
Name of publisher, distributor, etc. Cambridge University Press
Date of publication, distribution, etc. 1997
300 ## - PHYSICAL DESCRIPTION
Extent xx, 220 pages : illustrations (some colour)
490 ## -
-- Academic encounters
650 ## - SUBJECT ADDED ENTRY--TOPICAL TERM
Topical term or geographic name entry element ACADEMIC WRITING
650 ## - SUBJECT ADDED ENTRY--TOPICAL TERM
Topical term or geographic name entry element HUMAN BEHAVIOUR
650 ## - SUBJECT ADDED ENTRY--TOPICAL TERM
Topical term or geographic name entry element ENGLISH LANGUAGE
650 ## - SUBJECT ADDED ENTRY--TOPICAL TERM
Topical term or geographic name entry element ENGLISH LANGUAGE--PROBLEMS, EXCERCISES, ETC
650 ## - SUBJECT ADDED ENTRY--TOPICAL TERM
Topical term or geographic name entry element ENGLISH LANGUAGE--RHETORIC
650 ## - SUBJECT ADDED ENTRY--TOPICAL TERM
Topical term or geographic name entry element ENGLISH LANGUAGE--TEXTBOOKS FOR FOREIGN SPEAKERS
995 ## -
-- MAIN LIBRARY OPEN ACCESS
-- 751461
-- CBU-MAIN LIBRARY (Kitwe)
-- 89.31
-- PE 1128 Sea
-- 1
-- AVAILABLE
-- Dec 3, 2021
-- 751461
-- Main Library Open Access Collection
995 ## -
-- MAIN LIBRARY OPEN ACCESS
-- 751462
-- CBU-MAIN LIBRARY (Kitwe)
-- 89.31
-- PE 1128 Sea
-- 2
-- AVAILABLE
-- Dec 3, 2021
-- 751462
-- Main Library Open Access Collection
995 ## -
-- MAIN LIBRARY OPEN ACCESS
-- 751463
-- CBU-MAIN LIBRARY (Kitwe)
-- 89.31
-- PE 1128 Sea
-- 3
-- AVAILABLE
-- Dec 3, 2021
-- 751463
-- Main Library Open Access Collection
999 ## -
-- 75553
-- 75553
Holdings
Withdrawn status Lost status Source of classification or shelving scheme Damaged status Not for loan Permanent Location Current Location Shelving location Date acquired Total Checkouts Full call number Barcode Date last seen Copy number Price effective from Koha item type
          CBU-MAIN LIBRARY, KITWE. CBU-MAIN LIBRARY, KITWE.   03/30/2023   PE 1128 Sea 751461 03/30/2023 1 03/30/2023 MONOGRAPH
          CBU-MAIN LIBRARY, KITWE. CBU-MAIN LIBRARY, KITWE.   03/30/2023   PE 1128 Sea 751462 03/30/2023 2 03/30/2023 MONOGRAPH
          CBU-MAIN LIBRARY, KITWE. CBU-MAIN LIBRARY, KITWE.   03/30/2023   PE 1128 Sea 751463 03/30/2023 3 03/30/2023 MONOGRAPH